000
00233nam a22000857a 4500
008
160916b xxu||||| |||| 00| 0 eng d
100
_9
551
_a
Gupta.K.etal
245
_a
Environment Studies-W.B-3
260
_a
New Delhi
_b
APC. Publications
_c
2011
999
_c
3208
_d
3208